000 00569nam a2200229Ia 4500
003 OSt
005 20220928114712.0
006 a|||||r|||| 00| 0
007 ta
008 220927b |||||||| |||| 00| 0 eng d
024 _a62672
037 _cTextual
040 _aSDCL
_cSDCL
_beng
041 _2eng
_aeng
082 _aXxM99, M4
100 _aGray John
_9396493
245 0 _aHayek on liberty
260 _aOxford
_bBasil Blackwell
_c1984
300 _ax,230p
_ccm.
942 _hXxM99, M4
_cTEXL
_2CC
999 _c756011
_d756011